|
|
|
|
| LEADER |
00772cam a2200205 7i4500 |
| 001 |
0000043566 |
| 005 |
20170330090000.0 |
| 020 |
|
|
|a 9780071703116 (pbk.)
|
| 020 |
|
|
|a 007170311X (pbk.)
|
| 090 |
0 |
0 |
|a HF5549.5.P37
|b G68 2011
|
| 100 |
1 |
|
|a Gottfredson, Conrad
|
| 245 |
1 |
0 |
|a Innovative performance support :
|b strategies and practices for learning in the workflow
|c Conrad Gottfredson, Bob Mosher.
|
| 260 |
|
|
|a New York:
|b McGraw-Hill,
|c 2011.
|
| 300 |
|
|
|a xi, 255 p.:
|b ill.;
|c 24 cm.
|
| 650 |
0 |
0 |
|a Employees --
|x Training of
|
| 650 |
0 |
0 |
|a Performance technology
|
| 700 |
1 |
|
|a Mosher, Bob
|
| 997 |
|
|
|a Education & Social Sciences, Faculty
|b Social Sciences, Department
|
| 998 |
|
|
|a Industrial Psychology, Degree
|
| 999 |
|
|
|a 0000054620
|b BOK
|c OPEN SHELF
|e 1st Floor, Bestari Jaya
|